000 00308nam a22001337a 4500
008 170505b xxu||||| |||| 00| 0 eng d
020 _a9780697385901
041 _aeng
080 _28th
_a35
100 _a15
101 _aSHJ
245 _aTHE CRAFT OF PUBLIC ADMINISTRATION
_cBERKLEY, G
942 _2udc
_cBK
999 _c12812
_d12812